000 00307nam a22001337a 4500
008 170731b xxu||||| |||| 00| 0 eng d
020 _a9780070517738
041 _aeng
080 _a004
100 _a32
101 _aSHK
245 _aEVERY STUNDENT'S GUIDE TO THE INTERNET
_cPITTER,K
942 _2udc
_cBK
999 _c22260
_d22260